Colección de discursos

Guardat en:
Dades bibliogràfiques
Autor principal: Cifuentes, Abdón (Autor)
Format: Llibre
Idioma:espanyol
Publicat: Santiago El Independiente 1882
Matèries:
Etiquetes: Afegir etiqueta
Sense etiquetes, Sigues el primer a etiquetar aquest registre!

MARC

LEADER 00000nam a2200000 a 4500
001 UCJ8763
003 CL-VaPUC
008 070124e18820000CL |||||||||||||||||spa|d
082 0 4 |a Ch865.5  |b CIF  |2 21 
100 0 |a Cifuentes, Abdón  |e author  |9 345269 
245 1 0 |a Colección de discursos 
300 |a 478 p 
942 |c BK 
945 |d 20070124 00:00:00  |a fvergara 
260 |a Santiago  |b El Independiente  |c 1882 
500 |a El libro contiene un total 17 discursos ofrecidos entre 1855 y 1874 
600 0 7 |a GUMUCIO, RAFAEL B  |2 CL-VaPUC  |9 517857 
600 0 7 |a COLEGIO SAN LUIS  |2 CL-VaPUC  |9 517858 
600 0 |a Matta Goyenechea, Guillermo,  |d 1829-1899  |9 512817 
600 0 7 |a LEI DE INSTRUCCIÓN PÚBLICA  |2 CL-VaPUC  |9 517859 
650 0 |a Oradores  |9 439350 
650 0 |a Discursos   |9 265028 
650 0 |a Libertad de enseñanza   |9 311567 
650 0 |a Libertad de prensa  |9 255610 
651 7 |a CHILE  |2 CL-VaPUC  |9 517860 
651 7 |a SANTA SEDE  |2 CL-VaPUC  |9 362077 
583 |a last modification  |c 20160829 04:27:35  |k Rodrigo Vera 
999 |c 324416  |d 324414 
952 |0 0  |1 0  |4 0  |6 CH_865_500000000000000_CIF_1882  |7 0  |8 X  |9 404517  |a FDOBUD  |b FDOBUD  |d 2019-11-22  |i 1618377  |o Ch865.5 CIF 1882  |p 1618377  |r 2019-11-22  |w 2019-11-22  |y BK_X  |k BUD